000 00668nam a2200229 4500
001 736
003 OCoLC
005 20181127161935.0
008 970528t19971996nyu 000 1 eng d
010 _a97093062
020 _a0345394259 (pbk.)
092 _a813/.54
100 1 _aGrimes, Martha.
245 1 0 _aHotel Paradise /
_cMartha Grimes.
260 _aNew York :
_bBallantine Books,
_c1997.
300 _a438 p. ;
_c18 cm.
650 0 _aCity and town life
_zAppalachian Region
_xFiction.
650 0 _aGirls
_zAppalachian Region
_xFiction.
650 0 _aHotels
_zAppalachian Region
_xFiction.
655 7 _aBilungsromane.
_2gsafd.
655 7 _aMystery fiction.
_2gsafd.
999 _c537
_d537